House building (Record no. 79869)

MARC details
000 -LEADER
fixed length control field 01284cad a22002295a 4500
001 - CONTROL NUMBER
control field L142568
008 - FIXED-LENGTH DATA ELEMENTS--GENERAL INFORMATION
fixed length control field 080225e20071115xxkd f s f000 0 eng d
035 ## - SYSTEM CONTROL NUMBER
System control number (Sirsi) u142568
041 0# - LANGUAGE CODE
Language code of text/sound track or separate title eng
110 1# - MAIN ENTRY--CORPORATE NAME
Corporate name or jurisdiction name as entry element United Kingdom
Subordinate unit Department for Communities and Local Government
9 (RLIN) 4939
245 00 - TITLE STATEMENT
Title House building
Remainder of title July to September quarter 2007
Medium [electronic resource]
260 ## - PUBLICATION, DISTRIBUTION, ETC.
Date of publication, distribution, etc. 2007
490 #0 - SERIES STATEMENT
Series statement DCLG News Release
Volume/sequential designation 15 November 2007
520 ## - SUMMARY, ETC.
Summary, etc. In the quarter to September 2007, there were around 42 200 new house building starts in England, up by 5% compared with the same quarter in 2006, and 38 300 completions, up by 2%. Increases in northeast England, Yorkshire, the West Midlands, eastern England, southeast England and southwest England drove the recent upward trend in starts, although London and the other regions experienced a continuing decline in starts.
590 ## - LOCAL NOTE (RLIN)
Local note KA
650 24 - SUBJECT ADDED ENTRY--TOPICAL TERM
Topical term or geographic name entry element DCLG QUARTERLY HOUSE BUILDING STATISTICS
651 #4 - SUBJECT ADDED ENTRY--GEOGRAPHIC NAME
Geographic name United Kingdom
Chronological subdivision
690 ## - LOCAL SUBJECT ADDED ENTRY--TOPICAL TERM (OCLC, RLIN)
Topical term or geographic name as entry element PROPERTY-RESIDENTIAL PROPERTY-RESIDENTIAL PROPERTY DEVELOPMENT
690 ## - LOCAL SUBJECT ADDED ENTRY--TOPICAL TERM (OCLC, RLIN)
Topical term or geographic name as entry element BUILT ENVIRONMENT-CONSTRUCTION MARKET
856 40 - ELECTRONIC LOCATION AND ACCESS
Uniform Resource Identifier <a href="https://www.communities.gov.uk/publications/corporate/statistics/housebuildingQ32007">https://www.communities.gov.uk/publications/corporate/statistics/housebuildingQ32007</a>
Public note View the item free of charge at www.communities.gov.uk...
942 ## - ADDED ENTRY ELEMENTS (KOHA)
Suppress in OPAC 0
Holdings
Withdrawn status Lost status Source of classification or shelving scheme Damaged status Not for loan Home library Current library Shelving location Date acquired Total Checkouts Full call number Barcode Date last seen Copy number Price effective from Koha item type
    Dewey Decimal Classification     Virtual Virtual Online 25/02/2008   ONLINE PUBLICATION 142568-2001 06/08/2019 1 06/08/2019 Journal article